| 000 | 02402cam a22005537a 4500 | ||
|---|---|---|---|
| 001 | 000087276 | ||
| 003 | CHAP | ||
| 005 | 20220817043749.0 | ||
| 008 | 010312d2000 mx r 00110 spa d | ||
| 010 | _a83749 | ||
| 011 | _a84721 | ||
| 020 | _a968-18-6072-1 (v. I) | ||
| 020 | _a968-18-6073-X (v.II) | ||
| 020 | _a9681860713 (Obra completa) | ||
| 035 | _a95247 | ||
| 040 | _cCHAP | ||
| 082 | 0 | 4 |
_a330.972 _bC45 |
| 110 | 1 |
_aCentro de Estudios Estratégicos Nacionales. México _921078 |
|
| 245 | 1 | 0 |
_aMéxico 2010 : _bpensar y decidir la próxima década / _c/por Centro de Estudios Estratégicos Nacionales. |
| 260 |
_aMéxico, D.F. : _bLimusa, _c2000. |
||
| 300 |
_a2 v. : _bcuads. |
||
| 490 | 0 | _aColección reflexión y análisis | |
| 590 |
_aBATCH-UPD _b10 _c20130110 _lUCH01 _h0755 |
||
| 590 |
_aBATCH-UPD _b10 _c20130410 _lUCH01 _h0435 |
||
| 590 |
_aBATCH-UPD _b10 _c20130914 _lUCH01 _h1005 |
||
| 590 |
_aBATCH-UPD _b10 _c20161124 _lUCH01 _h1712 |
||
| 590 |
_aCONVERSION _b10 _c20130109 _lUCH01 _h1347 |
||
| 590 |
_aE5765TAJ _b05 _c20171113 _lUCH01 _h0953 |
||
| 650 | 1 | 4 |
_aEducación _xMéxico. _935466 |
| 650 | 1 | 4 |
_aMéxico _xCondiciones económicas. |
| 650 | 1 | 4 |
_aPolítica agrícola _zMéxico. |
| 650 | 1 | 4 |
_aTrabajo y trabajadores _zMéxico. _9114553 |
| 651 | 4 |
_aMéxico _xPolítica y gobierno. _976783 |
|
| 830 | 0 | 0 |
_aColección reflexión y análisis _924969 |
| 901 | _aBK | ||
| 905 | _aEdna Luz | ||
| 942 | _cLIBRO | ||
| 942 | _n0 | ||
| 949 |
_a330.972 C45 _bBC _cLIBRO _d33724000818027 _eLIBRO _fv.2 c.3 _h99866 _i95247 _si _t$90.00 |
||
| 949 |
_a330.972 C45 _bBC _cLIBRO _d33724000818381 _eLIBRO _fv.1 c.3 _h99863 _i95247 _si _t$135.00 |
||
| 949 |
_a330.972 C45 _bBC _cLIBRO _d33724000818449 _eLIBRO _fv.2 _h99864 _i95247 _si _t$90.00 |
||
| 949 |
_a330.972 C45 _bBC _cLIBRO _d33724000818506 _eLIBRO _fv.2 c.2 _h99865 _i95247 _si _t$90.00 |
||
| 949 |
_a330.972 C45 _bBC _cLIBRO _d33724000818621 _eLIBRO _fv.1 _h99861 _i95247 _si _t$135.00 |
||
| 949 |
_a330.972 C45 _bBC _cLIBRO _d33724002060033 _eLIBRO _fv.2 c.4 _gI.c/e _h109633 _i95247 _sb |
||
| 949 |
_a330.972 C45 _bBC _cLIBRO _d33724002060074 _eLIBRO _fv.1 c.4 _gI.c/e _h109632 _i95247 _si |
||
| 949 |
_a330.972 C45 _bBC _cLIBRO _d33724002111421 _eLIBRO _fv.2 c.5 _gI.c/e _h1123559 _i95247 _sb |
||
| 949 |
_a330.972 C45 _bBC _cLIBRO _d33724002111462 _eLIBRO _fv.1 c.5 _gI.c/e _h112558 _i95247 _sb |
||
| 949 |
_a330.972 C45 _bBC _cLIBRO _d33724002205199 _eLIBRO _fv.1 c.2 _h99862 _i95247 _si _t$135.00 |
||
| 999 |
_c83749 _d83749 |
||